LEADER 01090nam a2200253 i 4500 001 000000131919 003 CaOOAMICUS 005 20180319000000.0 008 180319s1948 it u000 u ita u 013 $a104838 040 $aSeMil$bita 100 1 $aDi Carlo, Eugenio.$0(OLS)http://semarc/name/43365 245 10$aE. Amari /$cEugenio Di Carlo Ordinario di Filosofia del diritto nell'Università di Palermo. 260 $aBrescia :$bLa Scuola,$c1948. 300 $a105 p. ;$c16 cm. 490 0 $aGli uomini e la civiltà. Serie 10., Maestri delle dottrine sociali 500 $aContiene : Nota bibliografica. 600 14$aAmari, Emerico <1810-1870>.$0(OLS)http://semarc/subject/25971 830 4$aGli uomini e la civiltà. Serie 10., Maestri delle dottrine sociali.$0(OLS)http://semarc/title/400581 850 $aSeMil 852 $aSeMil$W1$xVenegono$y1$m2E I 510$j85853$B85853$CSeMilBibl$Z2$F89718 $81 961 $aRecupero: Seminario di Seveso 996 $6245$aE. Amari$9(OLS)http://semarc/title/193876 996 $6260$aBrescia :$bLa Scuola$9(OLS)http://semarc/publisher/29831 LEADER 01296nas a2200265 i 4500 001 000000195456 003 CaOOAMICUS 005 20110601000000.0 008 101214b2009 gw uu u0 0ger r 013 $a174133 040 $aSeMil$bita 245 10$aJahrgang 2009 /$cIm Klaus-Mörsdorf-Studium für Kanonistik der Universität München, herausgegeben von Elmar Güthoff, Stephan Haering, Helmuth Pree ; Geschäftsführender Herausgeber und Schriftleiter Stephan Haering. 260 $aPaderborn :$bFerdinand Schöningh,$ccopyr. 2009 [stampa 2010] 300 $a704 p. ;$c24 cm. 500 $aArticoli con sintesi in tedesco [Zusammenfassung], in inglese [Summary] e in italiano [Sommario] in coda. 700 1 $aGüthoff, Elmar.$0(OLS)http://semarc/name/12539 700 1 $aPree, Helmuth.$0(OLS)http://semarc/name/57754 700 1 $aHaering, Stephan.$0(OLS)http://semarc/name/55494 774 0 $tErstes Halbjahresheft.$w()274400 774 0 $tZweites Halbjahresheft.$w()275340 850 $aSeMil 852 $aSeMil$W1$xVenegono$y1$m162 5 27$j146025$B146025$CSeMilBibl$Z2$F164248 $85 961 $aAbbonamento: Schöningh 996 $6245$aJahrgang 2009$9(OLS)http://semarc/title/282017 996 $6260$aPaderborn :$bFerdinand Schöningh$9(OLS)http://semarc/publisher/31027